Quiz voiture: Supercars/Hypercars #4 - Statistiques

Statistiques générales
  • Ce quiz a été pris 628 fois
  • Le résultat moyen est 10 sur 16
Statistiques - réponses
Par images Réponse % Correct
Lamborghini Urus
98%
Bugatti Veyron
92%
BMW I8
89%
Bentley Continental
77%
Koenigsegg Agera
77%
Bugatti EB
73%
BMW M8
68%
Lamborghini Diablo SV
68%
Ferrari 812 Superfast
66%
Lamborghini Reventon
56%
Ferrari 250 GTO
52%
Lamborghini Centenario
51%
Koenigsegg CCX
49%
Aston Martin DBS
48%
Ferrari 360 Modena
46%
Ferrari 288 GTO
31%
Aucun quiz correspondant
Distribution des résultats
% des personnes avec chaque résultat
Percentile par nombre de réponses
Votre historique - résultats
Vous n’avez pas pris ce quiz